Geometry Dash - Most Disliked Levels - Statistics

General Stats
  • This quiz has been taken 12 times
  • The average score is 9 of 20
Answer Stats
Publisher Difficulty Answer Dislikes % Correct
Zahre Auto Geass 162,300
100%
Jax Medium Demon Project J 122,300
83%
mbedsun Extreme Demon SL8O 24,000
83%
Fofii Hard DISLIKE THIS LEVEL 45,100
67%
CreatorCreepy Hard Really Fun Baseball 17,400
67%
sangchan Easy Demon 69 machine 29,600
50%
IAmCody Harder 7 Back on Track 15,200
50%
AutoMapmaKe Auto Geometry map 8 AUTO 82,000
50%
BLACK angel Auto back to the basics 72,600
33%
MasK463 Easy Challenge 79,800
33%
kFlink Easy Extreme Disaster 87,500
33%
alex Easy geometry dash quiz 22,300
33%
noob Easy google 22,800
33%
ZenthicAlpha Hard Demon Paranormal 15,200
33%
Rob Buck Medium Demon the nightmare road 44,500
33%
Supermoon Auto weightlessness 74,700
33%
OrcaSN Insane Demon XYZ Step Infinity 18,000
33%
seohyunho Medium Demon Cycles v2 S 20,100
17%
Clip3 Medium Demon Demon Park 2 62,200
17%
Yaranaika Easy Demon Stereo Whiteness 24,200
17%
No matching quizzes found
Score Distribution
Percent of People with Each Score
Percentile by Number Answered
Your Score History
You have not taken this quiz